Teaching critical thinking : reports from the across the curriculum
Αποθηκεύτηκε σε:
| Κύριος συγγραφέας: | |
|---|---|
| Άλλοι συγγραφείς: | |
| Μορφή: | Βιβλίο |
| Γλώσσα: | English |
| Δημοσίευση: |
Englewood Cliffs :
Prentice Hall,
1993
|
| Σειρά: | Prentice Hall studies in writing and culture
|
| Θέματα: | |
| Ετικέτες: |
Προσθήκη ετικέτας
Δεν υπάρχουν, Καταχωρήστε ετικέτα πρώτοι!
|
MARC
| LEADER | 00000nam a2200000 i 4500 | ||
|---|---|---|---|
| 001 | 1/95860 | ||
| 008 | 991210s1993 eng d | ||
| 020 | |a 0-13-917410-9 | ||
| 035 | |l 10055485 | ||
| 040 | |a GR-MY-UA |b gre |e aacr | ||
| 041 | 0 | |a eng | |
| 082 | 0 | |a 371.3 | |
| 100 | 1 | |a Clarke, John |d 1950- | |
| 245 | 1 | 0 | |a Teaching critical thinking : |b reports from the across the curriculum / |c John H. Clarke, Arthur W. Biddle |
| 260 | |a Englewood Cliffs : |b Prentice Hall, |c 1993 | ||
| 300 | |a 306 p. | ||
| 490 | 1 | |a Prentice Hall studies in writing and culture | |
| 650 | 0 | 0 | |a Critical thinking |x Study and teaching. |
| 700 | 1 | |a Biddle, Arthur W. | |
| 830 | 0 | |a Prentice Hall studies in writing and culture | |
| 852 | |a INST |b RHODES |e 19991210 |h 371.3 CLA |p 005400012865 |q 005400012865 |t BK |y 0 | ||
| 901 | |a BIBL4-1999-3 | ||
| 909 | |a Ρ |b 069985 | ||
| 922 | |a 4ΕΛΗ |b 199909 |c ΚΠΣ/154 |d GLORY BOOKS | ||
| 970 | |a ΚΟΥΛΑΚΙΟΤΗ |b ΛΙΤΣΑ |z 1999/12/10 | ||